000 00328nam a22001217a 4500
020 _a9789381226087
082 _a660.62
_bKUM/AG
100 _aKumutha, K
_aAnitha, K.G
_aSaranya, K
_9327
245 _aAgricultural and Industrial Mcrobiology
260 _aDelhi
_bSatish Serial Publishing House
_c2012
300 _a334
942 _cBK
999 _c13709
_d13709